| 000 | 00983nam a2200193Ia 4500 | ||
|---|---|---|---|
| 003 | Ost | ||
| 005 | 20260507075640.0 | ||
| 008 | 260507s9999||||xx |||||||||||||| ||und|| | ||
| 040 | _cfsecg | ||
| 041 | _aara | ||
| 082 | _a338.7 | ||
| 100 |
_aالحناوي، محمد الصالح _eمؤلف |
||
| 245 | 0 |
_aدراسة جدوى المشروع : _bالأساسيات والمفاهيم / _c محمد الصالح الحناوي |
|
| 260 |
_aالاسكندرية: _bالدار الجامعية, _c2001 |
||
| 300 |
_a250 صفحة؛ _bإيضاحات ؛ _c24 سم |
||
| 520 | _aدراسة جدوى المشروع، خلق و تصفية الاعمار الجديدة للمشروعات،تحليل السوق التحليلي المالي،المدخل العلمي في تحليل الربحية القومية للمشروعات القومية،دراسات جدوى المشروعات من وجهة نظر اسلامية. | ||
| 653 | _aإدارة المشاريع | ||
| 942 | _cكتاب | ||
| 999 |
_c45377 _d45377 |
||